000 00878 a2200205 4500
001 57784
005 20260407155838.0
008 260407a1984 arg spa d
003 AR-UNSa-BCEJYS
040 _aAR-UNSa-BCEJYS
_bspa
_cAR-UNSa-BCEJYS
080 _a338.439
_xEconomía de la producción y provisión de alimentos. Economía de la industria alimentaria. Aspectos económicos de la alimentación. Abastecimiento. Oferta (Carne, leche...)
245 1 0 _aEl arroz
_pEstudio de algunos mercados del Oriente Medio
264 1 _aGinegra :
_bCCI (Centro de Comercio Internacional)
_c1984
300 _a96 p.
_c23 cm.
505 _a1. El mercado del arroz en el Oriente Medio – 2. Arabia Saudita – 3. Emiratos Árabes Unidos – 4. Kuwait
041 _aspa
942 _cBK
590 _aniveau_biblio:m niveau_hierar:0
100 1 _aCentro de Comercio Internacional (CCI)
999 _c6295
_d6295